Penguin Readers (Record no. 46167)
[ view plain ]
| 000 -Etiqueta do registo | |
|---|---|
| Valores | 00565nam a2200193 4500 |
| 100 ## - Dados gerais de processamento | |
| Dados gerais | 20260602 pory50 |
| 101 ## - Língua de publicação | |
| Língua | ing |
| 102 ## - País de publicação | |
| País | ING |
| 200 ## - Titulo e menção de responsabilidade | |
| Título próprio | Penguin Readers |
| Informação de outro título | The Adventures of Tom Sawyer |
| Primeira menção de responsabilidade | Mark Twain |
| 200 ## - Titulo e menção de responsabilidade | |
| Título próprio | Penguin Readers |
| Informação de outro título | The Young King |
| Primeira menção de responsabilidade | Oscar Wilde |
| 200 ## - Titulo e menção de responsabilidade | |
| Título próprio | Penguin Readers |
| Informação de outro título | Stranger than fiction Urban Myths |
| Primeira menção de responsabilidade | Phil Healey, Rick Glanvill |
| 210 ## - Publicação | |
| Local de publicação | Harlow |
| Nome do editor | Pearson Education Limited |
| Data de publicação | 2000 |
| 215 ## - Descrição física | |
| Paginação / Volumes | v. |
| 225 ## - Colecção | |
| Título próprio da colecção | Penguin Readers |
| 675 ## - CDU | |
| Notação | 82-93 |
| 801 ## - Fonte de origem | |
| País | PT |
| Regras de catalogação | RPC |
| 990 ## - Elementos KOHA | |
| Tipo de documento | Livro |
| Aquisição | Empréstimo | Código de barras | Cota | Permissão de empréstimo | Tipo de documento | Nota relativa ao exemplar |
|---|---|---|---|---|---|---|
| Biblioteca Escolar Doutor Hernâni Cidade | Biblioteca Escolar Doutor Hernâni Cidade | 83053 | 82-93 AA.VV. TWA LIT. INF. JUV. | Livro | The Adventures of Tom Sawyer Oscar Wilde | |
| Biblioteca Escolar Doutor Hernâni Cidade | Biblioteca Escolar Doutor Hernâni Cidade | 83054 | 82-93 AA.VV. WIL LIT. INF. JUV. | Livro | The Young King Oscar Wilde | |
| Biblioteca Escolar Doutor Hernâni Cidade | Biblioteca Escolar Doutor Hernâni Cidade | 83055 | 82-93 AA.VV. LIT. INF. JUV. | Livro | Stranger than Fiction Urnan Myths Phil Healey , Rick Glanvill |